Planificación y medición de los aprendizajes Libro de ejercicios I
Guardat en:
| Autor principal: | |
|---|---|
| Format: | Llibre |
| Idioma: | espanyol |
| Publicat: |
CPEIP.
1989.
|
| Matèries: | |
| Etiquetes: |
Afegir etiqueta
Sense etiquetes, Sigues el primer a etiquetar aquest registre!
|
MARC
| LEADER | 00000nam a22000005a 4500 | ||
|---|---|---|---|
| 001 | 4050 | ||
| 003 | CL-ChBUA | ||
| 005 | 20120815102842.0 | ||
| 008 | 070301s1989 cl 000 0 spa | ||
| 040 | |a CL-ChBUA |c CL-ChBUA | ||
| 082 | 0 | 0 | |a 373.27 |
| 090 | |c 4050 |d 4050 | ||
| 100 | 1 | |a Herrera Ruiz, Rafael. | |
| 245 | 1 | 0 | |a Planificación y medición de los aprendizajes |b Libro de ejercicios I |
| 260 | |b CPEIP. |c 1989. | ||
| 300 | |a 184 p. |c 26 cm. | ||
| 504 | |a Indice. | ||
| 650 | 4 | |a APRENDIZAJE. | |
| 942 | |c LIB | ||
| 952 | |0 0 |1 0 |2 ddc |4 0 |6 373_270000000000000_P_699__CURSO_TALLER_C_1 |7 0 |9 5927 |a UNACH |b UNACH |c 300 |d 2007-03-05 |i 24.970 |l 1 |o 373.27 / P 699. Curso Taller c.1 |p 6926 |r 2017-05-19 00:00:00 |s 2017-05-19 |u 5927 |w 2012-08-08 |y LIB | ||
| 952 | |0 0 |1 0 |2 ddc |4 0 |6 373_270000000000000_P_699__CURSO_TALLER_C_2 |7 0 |9 5928 |a UNACH |b UNACH |c 300 |d 2007-03-05 |i 27.313 |l 0 |o 373.27 / P 699. Curso Taller c.2 |p 6927 |r 2017-10-20 00:00:00 |u 5928 |w 2012-08-08 |y LIB | ||
| 952 | |0 0 |1 0 |4 0 |7 0 |9 63998 |a UNACH |b UNACH |c 300 |d 2010-02-17 |i 27.322 |l 0 |o 373.27 / P 699. Curso Taller I c.3 |p 65133 |r 2013-11-21 00:00:00 |u 63998 |w 2012-08-08 |y LIB |k 373.27 / P 699. Curso Taller I c.3 | ||
| 999 | |c 4050 |d 4050 | ||